[Event "Skopje MKD"]
[Site "Skopje MKD"]
[Date "2014.04.05"]
[Round "9.92"]
[White "Piskur, Mitja"]
[Black "Cvetkovski, Slobodan"]
[Result "1-0"]
[WhiteElo "2285"]
[BlackElo "1876"]
[PlyCount "87"]
[EventDate "2014.03.29"]
[EventType "swiss"]
[EventRounds "9"]

1. d4 Nf6 2. Nf3 d5 3. e3 c6 4. Bd3 e6 5. O-O Be7 6. Nbd2 Nbd7 7. b3 O-O 8. Bb2
Qc7 9. Ne5 Nxe5 10. dxe5 Nd7 11. Qh5 g6 12. Qh6 f5 13. Nf3 Qd8 14. h4 Rf7 15.
Rfd1 Bf8 16. Qf4 h6 17. c4 Nc5 18. cxd5 cxd5 19. Rac1 Nxd3 20. Rxd3 Bd7 21.
Rdc3 Rc8 22. Qd4 Rxc3 23. Bxc3 a6 24. Bb4 Be7 25. Bxe7 Rxe7 26. Qb4 Bc6 27. Nd4
Kf7 28. Rxc6 bxc6 29. Nxc6 Qc7 30. Qxe7+ Qxe7 31. Nxe7 Kxe7 32. Kf1 Kd7 33. Ke2
Kc6 34. Kd3 Kc5 35. a3 g5 36. hxg5 hxg5 37. g3 g4 38. Kc3 Kb5 39. b4 Ka4 40.
Kb2 a5 41. bxa5 Kxa5 42. Kb3 Kb5 43. a4+ Ka5 44. Ka3 1-0

[Event "Skopje MKD"]
[Site "Skopje MKD"]
[Date "2014.04.05"]
[Round "9.93"]
[White "Imeri, Nazmidin"]
[Black "Krstev, Emil"]
[Result "1-0"]
[WhiteElo "1904"]
[BlackElo "2156"]
[PlyCount "109"]
[EventDate "2014.03.29"]
[EventType "swiss"]
[EventRounds "9"]

1. c3 e5 2. e4 Nf6 3. d3 a5 4. Nf3 Nc6 5. Be2 Bc5 6. O-O d6 7. Bg5 h6 8. Bh4 g5
9. Bg3 h5 10. h4 g4 11. Ne1 Nh7 12. Nc2 Qf6 13. Ne3 Ne7 14. Na3 c6 15. Nac2 Ng6
16. d4 Ba7 17. Nc4 b5 18. dxe5 dxe5 19. Nd6+ Ke7 20. Nxc8+ Raxc8 21. Ne3 Rhd8
22. Nf5+ Kf8 23. Qc1 Ne7 24. Ne3 Kg8 25. c4 Nf8 26. Rd1 Nfg6 27. Rxd8+ Rxd8 28.
cxb5 cxb5 29. Bxb5 Nxh4 30. Qc7 Rd2 31. Qxa7 Nhg6 32. Qxa5 Rxb2 33. Nc4 Rc2 34.
Qd8+ Kh7 35. Qd3 Rxc4 36. Qxc4 h4 37. Bh2 Kg7 38. Qe2 Qg5 39. Qe3 Qf6 40. Be2
Nf4 41. Bxg4 Qg5 42. Bxf4 exf4 43. Qc3+ f6 44. Bh3 Ng6 45. Rd1 Kh6 46. Rd5 Ne5
47. Rxe5 fxe5 48. Qc6+ Kg7 49. Qd7+ Kh8 50. Bf5 Qh5 51. Qd8+ Kg7 52. Qe7+ Kg8
53. Be6+ Kh8 54. Qf8+ Kh7 55. Bf5+ 1-0

[Event "Skopje MKD"]
[Site "Skopje MKD"]
[Date "2014.04.05"]
[Round "9.94"]
[White "Can, Isik"]
[Black "Stosevski, Ilja"]
[Result "0-1"]
[WhiteElo "1762"]
[BlackElo "2108"]
[PlyCount "92"]
[EventDate "2014.03.29"]
[EventType "swiss"]
[EventRounds "9"]

1. e4 d6 2. d4 Nf6 3. Nc3 g6 4. f4 Bg7 5. Nf3 O-O 6. Bd3 Na6 7. O-O c5 8. e5
Ng4 9. Bxa6 cxd4 10. Nxd4 dxe5 11. Bxb7 exd4 12. Bxc8 dxc3 13. Qxd8 Rxd8 14.
Bxg4 cxb2 15. Bxb2 Bxb2 16. Rab1 Rab8 17. Rfd1 Rxd1+ 18. Rxd1 Ba3 19. Ra1 Rb4
20. g3 e5 21. c3 Rc4 22. Be2 Re4 23. Bf3 Re3 24. Kf2 exf4 25. gxf4 Bc5 26. Kg3
Rxc3 27. a4 Rc4 28. f5 Bd6+ 29. Kf2 Bxh2 30. fxg6 hxg6 31. Be2 Rb4 32. Bb5 Be5
33. Re1 f6 34. Rd1 Bd4+ 35. Kf3 f5 36. Be8 Kg7 37. Rc1 Rb3+ 38. Kg2 g5 39. Rd1
Rb4 40. Bd7 Kf6 41. Rf1 Rb2+ 42. Kf3 g4+ 43. Kf4 Be5+ 44. Ke3 f4+ 45. Ke4 Rb4+
46. Kd5 Rd4+ 0-1

[Event "Skopje MKD"]
[Site "Skopje MKD"]
[Date "2014.04.05"]
[Round "9.95"]
[White "Mattes, Heinz"]
[Black "Citoler Serrat, Adriano"]
[Result "0-1"]
[WhiteElo "2043"]
[BlackElo "1871"]
[PlyCount "160"]
[EventDate "2014.03.29"]
[EventType "swiss"]
[EventRounds "9"]

1. d4 Nf6 2. Nf3 d6 3. c4 g6 4. Nc3 Bg7 5. g3 Nbd7 6. Bg2 e5 7. dxe5 dxe5 8.
O-O O-O 9. Qc2 c6 10. Rd1 Qc7 11. b3 Re8 12. e4 Nc5 13. Be3 Ne6 14. h3 Bd7 15.
Rd2 Rad8 16. Rad1 Bf8 17. Qc1 Bc5 18. Bh6 Bc8 19. a3 a5 20. Qb2 Nd4 21. b4 axb4
22. axb4 Nxf3+ 23. Bxf3 Rxd2 24. Rxd2 Bd4 25. Bg2 Be6 26. c5 Nd7 27. Kh2 b6 28.
cxb6 Qxb6 29. Rc2 Rb8 30. b5 Nc5 31. Qa3 cxb5 32. Nd5 Bxd5 33. exd5 b4 34. Qf3
b3 35. Rc1 e4 36. Qg4 b2 37. Rb1 Qf6 38. Bf4 h5 39. Qe2 Re8 40. Be3 Bxe3 41.
Qxe3 Nd3 42. f3 h4 43. fxe4 hxg3+ 44. Qxg3 Qc3 45. Rxb2 Qxb2 46. Qxd3 Qe5+ 47.
Qg3 Kg7 48. Qxe5+ Rxe5 49. Kg3 Rg5+ 50. Kh2 Kf6 51. Bf3 Re5 52. Kg3 Re8 53. Kf4
g5+ 54. Kg4 Rh8 55. Kg3 Ke5 56. Bg2 f6 57. Kg4 Rb8 58. Kg3 Rb3+ 59. Kg4 Rc3 60.
Bf3 Rc1 61. Bg2 Ra1 62. Kg3 f5 63. exf5 Kxf5 64. Bf3 Ra3 65. Kf2 Ra2+ 66. Ke3
Ke5 67. Bg4 Ra3+ 68. Kf2 Kxd5 69. Bf3+ Ke5 70. Bg4 Kf4 71. Be6 Ra6 72. Bd7 Rd6
73. Bc8 Rd2+ 74. Kf1 Kg3 75. Be6 Rh2 76. Bc8 Rh1+ 77. Ke2 Rxh3 78. Bxh3 Kxh3
79. Kf2 g4 80. Kg1 Kg3 0-1

[Event "Skopje MKD"]
[Site "Skopje MKD"]
[Date "2014.04.05"]
[Round "9.96"]
[White "Spelec, Darko"]
[Black "Jean, Ludovic"]
[Result "1-0"]
[WhiteElo "2033"]
[BlackElo "1786"]
[PlyCount "67"]
[EventDate "2014.03.29"]
[EventType "swiss"]
[EventRounds "9"]

1. d4 b5 2. Nf3 Bb7 3. e3 a6 4. Nbd2 e6 5. Bd3 Nf6 6. O-O c5 7. b3 Nc6 8. a3
Be7 9. Bb2 O-O 10. dxc5 Bxc5 11. b4 Be7 12. c4 bxc4 13. Nxc4 Nd5 14. e4 Nb6 15.
Ne3 d5 16. e5 f5 17. Nd4 Nxd4 18. Bxd4 f4 19. Qh5 g6 20. Bxg6 hxg6 21. Qxg6+
Kh8 22. Qh6+ Kg8 23. Qg6+ Kh8 24. Qh6+ Kg8 25. Qxe6+ Rf7 26. Bxb6 Qf8 27. Nf5
Bc8 28. Nh6+ Kg7 29. Qxf7+ Qxf7 30. Nxf7 Kxf7 31. Rac1 Bf5 32. Rc7 Ke6 33. Rfc1
Bh4 34. Bd4 1-0

[Event "Skopje MKD"]
[Site "Skopje MKD"]
[Date "2014.04.05"]
[Round "9.97"]
[White "Dimov, Daniel"]
[Black "Rykov, Ivan"]
[Result "0-1"]
[WhiteElo "1997"]
[BlackElo "1783"]
[PlyCount "90"]
[EventDate "2014.03.29"]
[EventType "swiss"]
[EventRounds "9"]

1. e4 e6 2. d4 d5 3. Nc3 Bb4 4. Bd3 Ne7 5. a3 Bxc3+ 6. bxc3 c5 7. Bb5+ Bd7 8.
Qe2 Qa5 9. Bxd7+ Nxd7 10. Bd2 Qa4 11. Nf3 O-O 12. Bg5 Nc8 13. O-O h6 14. exd5
exd5 15. Be3 c4 16. Nh4 Nf6 17. Nf5 Re8 18. f4 Re6 19. Rf3 Ne7 20. g4 Nxg4 21.
Nxe7+ Rxe7 22. Rg3 Rxe3 23. Rxe3 Nxe3 24. Qxe3 Qxc2 25. Re1 Qb2 26. f5 Qb6 27.
Qe5 Qc6 28. Kf2 f6 29. Qe6+ Qxe6 30. Rxe6 Rd8 31. Re7 Rd6 32. Rxb7 Ra6 33. Rb5
Rxa3 34. Rxd5 Rxc3 35. Rc5 Rc2+ 36. Ke3 c3 37. d5 Rd2 38. Ke4 c2 39. d6 Rxd6
40. Rxc2 Ra6 41. Rc8+ Kh7 42. Rc4 Ra2 43. h3 Ra3 44. Kd4 Rxh3 45. Ra4 Rh4+ 0-1

[Event "Skopje MKD"]
[Site "Skopje MKD"]
[Date "2014.04.05"]
[Round "9.98"]
[White "Okuyaz, Duru"]
[Black "Taylor, Robert Graham"]
[Result "1/2-1/2"]
[WhiteElo "1678"]
[BlackElo "1945"]
[PlyCount "70"]
[EventDate "2014.03.29"]
[EventType "swiss"]
[EventRounds "9"]

1. e4 c5 2. Nf3 e6 3. d3 Nc6 4. g3 Qc7 5. Bg2 Nf6 6. O-O d6 7. c3 Be7 8. Re1
O-O 9. d4 Bd7 10. d5 Nd8 11. c4 Rb8 12. a4 a6 13. a5 e5 14. Nbd2 Ne8 15. h3 f5
16. exf5 Bxf5 17. g4 Bg6 18. Ne4 Nf6 19. Nxf6+ Bxf6 20. Nd2 Bh4 21. Nf3 Be7 22.
Ng5 Bxg5 23. Bxg5 Qf7 24. Rf1 b5 25. axb6 Rxb6 26. f4 exf4 27. Rxf4 Qe8 28.
Rxf8+ Qxf8 29. Qd2 Nf7 30. Rf1 Qb8 31. Rf2 Rb4 32. Bf1 h6 33. Bf4 Qd8 34. Qe3
Kh7 35. Qe6 Rb7 1/2-1/2

[Event "Skopje MKD"]
[Site "Skopje MKD"]
[Date "2014.04.05"]
[Round "9.99"]
[White "Grigoriadis, Mihail"]
[Black "Jovchev, Riste"]
[Result "1-0"]
[WhiteElo "1940"]
[BlackElo "1749"]
[PlyCount "67"]
[EventDate "2014.03.29"]
[EventType "swiss"]
[EventRounds "9"]

1. e4 c5 2. Nf3 d6 3. d4 cxd4 4. Nxd4 Nf6 5. Nc3 a6 6. Bc4 e5 7. Nde2 b5 8. Bb3
h6 9. f3 Bb7 10. Be3 Be7 11. Qd2 Nbd7 12. O-O-O Nc5 13. g4 Nxb3+ 14. axb3 Rc8
15. Ng3 b4 16. Nd5 Nxd5 17. exd5 Qa5 18. Kb1 g6 19. Rhe1 g5 20. h4 Kd7 21. Nf5
Qc7 22. Nxe7 Kxe7 23. hxg5 hxg5 24. Bxg5+ f6 25. Rxe5+ Kd7 26. Re2 fxg5 27.
Qxg5 Rce8 28. Rde1 Rxe2 29. Qg7+ Kc8 30. Qxh8+ Qd8 31. Qxd8+ Kxd8 32. Rxe2 Bxd5
33. Re3 Kd7 34. f4 1-0

[Event "Skopje MKD"]
[Site "Skopje MKD"]
[Date "2014.04.05"]
[Round "9.101"]
[White "Lakinska, Simona"]
[Black "Montolio Benedicto, Cesar"]
[Result "1/2-1/2"]
[WhiteElo "1642"]
[BlackElo "1950"]
[PlyCount "58"]
[EventDate "2014.03.29"]
[EventType "swiss"]
[EventRounds "9"]

1. e4 e5 2. Nf3 Nc6 3. d4 exd4 4. Nxd4 Nf6 5. Nc3 Bb4 6. Nxc6 bxc6 7. Bd3 d5 8.
exd5 cxd5 9. O-O O-O 10. Bg5 c6 11. Qf3 Be7 12. h3 Rb8 13. b3 h6 14. Bf4 Bd6
15. Bxd6 Qxd6 16. Ne2 Bd7 17. Nd4 Rfe8 18. Rfe1 Re5 19. Rxe5 Qxe5 20. c3 Re8
21. Ne2 Kf8 22. Qf4 Qxf4 23. Nxf4 Ne4 24. Bxe4 Rxe4 25. Nd3 Re2 26. a4 Bf5 27.
Nb4 Bd7 28. Nd3 Bf5 29. Nb4 Bd7 1/2-1/2

[Event "Skopje MKD"]
[Site "Skopje MKD"]
[Date "2014.04.05"]
[Round "9.102"]
[White "Jorgensen, Line Jin"]
[Black "Veljanoski, Andrej"]
[Result "1-0"]
[WhiteElo "1923"]
[BlackElo "1531"]
[PlyCount "115"]
[EventDate "2014.03.29"]
[EventType "swiss"]
[EventRounds "9"]

1. d4 d5 2. c4 c6 3. Nf3 Nf6 4. Nc3 e6 5. Qb3 Bd6 6. Bg5 O-O 7. e3 h6 8. Bh4
Nbd7 9. Be2 Qb6 10. O-O Qxb3 11. axb3 Ne8 12. c5 g5 13. cxd6 gxh4 14. Nxh4 Nxd6
15. b4 a6 16. f4 b5 17. b3 Bb7 18. Bd3 Kg7 19. Rf3 f5 20. Rg3+ Kf7 21. Be2 Nf6
22. Ng6 Rg8 23. Ne5+ Ke8 24. Bf3 Kd8 25. Kf2 Kc7 26. Nd3 Nd7 27. Ne2 Kb6 28.
Nc5 Rxg3 29. Nxg3 Nf8 30. Ne2 Re8 31. h3 Re7 32. g4 Rg7 33. Rg1 Ne4+ 34. Bxe4
dxe4 35. g5 h5 36. Ng3 h4 37. Nh5 Rg6 38. Nf6 Bc8 39. Ne8 Nd7 40. Nd6 Nxc5 41.
dxc5+ Kc7 42. Rd1 Bd7 43. Ra1 Bc8 44. Ke2 e5 45. Nxc8 Kxc8 46. Rxa6 Kb7 47. Ra1
exf4 48. exf4 Rg7 49. Rd1 Kc7 50. Rd6 Rd7 51. g6 Rg7 52. Ke3 Kc8 53. Rxc6+ Kd7
54. Rd6+ Kc7 55. Rf6 Kd7 56. Rf7+ Rxf7 57. gxf7 Ke7 58. c6 1-0

[Event "Skopje MKD"]
[Site "Skopje MKD"]
[Date "2014.04.05"]
[Round "9.103"]
[White "Manova, Ivana"]
[Black "Batkoski, Nenad"]
[Result "1/2-1/2"]
[WhiteElo "1589"]
[BlackElo "1897"]
[PlyCount "61"]
[EventDate "2014.03.29"]
[EventType "swiss"]
[EventRounds "9"]

1. e4 e6 2. d4 d5 3. e5 c5 4. dxc5 Nc6 5. Nf3 Bxc5 6. Bd3 Qc7 7. Qe2 Nge7 8.
Bf4 Ng6 9. Bg3 Nd4 10. Nxd4 Bxd4 11. c3 Bb6 12. O-O a6 13. Nd2 Bd7 14. Kh1 h5
15. h3 Ne7 16. Nb3 Ba7 17. f3 g5 18. Bf2 Bxf2 19. Rxf2 Nc6 20. Rc1 Qxe5 21.
Qxe5 Nxe5 22. Bf1 Ng6 23. Rd1 O-O-O 24. Bd3 Nf4 25. Bf1 Kb8 26. Rd4 e5 27. Rb4
Ka7 28. Nc5 Bc8 29. g3 b6 30. Nxa6 Nxh3 31. Rd2 1/2-1/2

[Event "Skopje MKD"]
[Site "Skopje MKD"]
[Date "2014.04.05"]
[Round "9.106"]
[White "Konstantinov, Aleksandar"]
[Black "Kosteski, Mile"]
[Result "1-0"]
[WhiteElo "1828"]
[BlackElo "1452"]
[PlyCount "91"]
[EventDate "2014.03.29"]
[EventType "swiss"]
[EventRounds "9"]

1. d4 d5 2. c4 e6 3. Nc3 Nf6 4. cxd5 exd5 5. Bg5 c6 6. e3 Be7 7. Bd3 O-O 8. Qc2
Nbd7 9. Nf3 h6 10. Bf4 Re8 11. O-O Bf8 12. h3 Kh8 13. Rab1 b6 14. b4 Bb7 15.
Be5 Rc8 16. a4 Kg8 17. Bf4 g6 18. Rfc1 Kh7 19. Ne5 Nxe5 20. Bxe5 Bg7 21. Ne2
Re7 22. Nf4 Kg8 23. a5 b5 24. a6 Bxa6 25. Ra1 Bb7 26. Rxa7 Ra8 27. Rca1 Rxa7
28. Rxa7 Qd7 29. Qb1 Re8 30. Bxf6 Bxf6 31. Bxg6 fxg6 32. Qxg6+ Bg7 33. Nh5 Rf8
34. Qxg7+ Qxg7 35. Nxg7 Kxg7 36. Rxb7+ Kg6 37. Rc7 Rf6 38. f4 Kf5 39. Re7 h5
40. Re5+ Kg6 41. Kf2 Rd6 42. Kg3 Kh6 43. Kh4 Kg6 44. Rxh5 Re6 45. Re5 Rf6 46.
g4 1-0

[Event "Skopje MKD"]
[Site "Skopje MKD"]
[Date "2014.04.05"]
[Round "9.107"]
[White "Karatrajkov, Nikola"]
[Black "Arda, Doga Su"]
[Result "1-0"]
[WhiteElo "1766"]
[BlackElo "1367"]
[PlyCount "109"]
[EventDate "2014.03.29"]
[EventType "swiss"]
[EventRounds "9"]

1. d4 Nf6 2. Nf3 e6 3. c4 Bb4+ 4. Nc3 O-O 5. Bg5 d5 6. Qb3 Bxc3+ 7. Qxc3 b6 8.
g3 Bb7 9. Bg2 h6 10. Bf4 Nh5 11. Be3 Nf6 12. O-O Nbd7 13. Rac1 Rc8 14. Rfd1 Qe7
15. Bf4 Nh5 16. Bd2 Nhf6 17. Qb3 dxc4 18. Qxc4 c5 19. Qa4 cxd4 20. Qxd4 Nc5 21.
Bb4 Rfd8 22. Bxc5 bxc5 23. Qa4 Bd5 24. b3 Rc7 25. Ne5 Rdc8 26. Nc4 h5 27. e4
Bc6 28. Qa5 Rd8 29. Rxd8+ Qxd8 30. e5 Bxg2 31. Kxg2 Ne8 32. Qd2 Qxd2 33. Nxd2
f6 34. Ne4 fxe5 35. Rxc5 Rxc5 36. Nxc5 Kf7 37. Kf3 Nd6 38. Nd7 e4+ 39. Kf4 Nb5
40. Nc5 Nc3 41. a4 Ke7 42. Nxe4 Nxe4 43. Kxe4 a5 44. Ke5 g5 45. f4 gxf4 46.
gxf4 Kd7 47. h4 Ke7 48. f5 exf5 49. Kxf5 Kf7 50. Kg5 Ke6 51. Kxh5 Kf5 52. Kh6
Kf6 53. h5 Kf7 54. Kg5 Kg7 55. Kf5 1-0